000 00445nam a2200157Ia 4500
003 IQ-KOUCL
041 _aArabic
082 _a891,1 cut-489 م
100 _a20260118u\\\\\\\\\\\y0engy0103\\\\ba
100 _aغەفوور مەخموورى
245 0 _aالحيران مفهوما ومضمونا وظهورا
250 _aط1
260 _bجابخانەى رۆهەڵات
_aاربيل - العراق
_c2016
300 _a120
942 _cBk
999 _c186271
_d186271